| 000 | 00690nam a2200145 a 4500 | ||
|---|---|---|---|
| 001 | 000032055 | ||
| 005 | 20200930063406.0 | ||
| 008 | 110405s1933 dr r 000 0 spa d | ||
| 040 |
_aDO-SdBNP _beng _cBNPHU |
||
| 082 |
_axxxx _bxxxx |
||
| 245 | 0 | 0 |
_aReport of the twenty-sixth fiscal period : _bdominican customs receivership under the American-Dominican convention of 1924 ; together with summary of commerce for the year. |
| 260 |
_aWashington : _bGovernment Printing Office, _c1933. |
||
| 300 |
_a119 p. ; _c24 cm. |
||
| 500 | _aSubmitted to the Bureau of Insular Affairs, War Department United States of America, by the general receiver of dominican customs, Santo Domingo Dominican Republic | ||
| 999 |
_c31546 _d31546 |
||